| 000 | 00494nam a2200181Ia 4500 | ||
|---|---|---|---|
| 005 | 20250508150545.0 | ||
| 008 | 008 250505s9999 xx 000 0 eng d | ||
| 037 | _aTextual | ||
| 040 |
_aFEDL _beng _cFEDL |
||
| 041 |
_aeng _2eng |
||
| 084 |
_a309.142, BAR _qFEDL |
||
| 100 | _aBarker Ernest | ||
| 245 | 0 | _aCharacter of England | |
| 260 |
_aLondon, UK _bOxford University Press _c1947 |
||
| 300 | _axii,595p. | ||
| 942 |
_cTEXL _h309.142, BAR |
||
| 999 |
_c1324243 _d1324243 |
||